Deutsche Songs mit Mädchennamen - Statistiken

Allgemein
  • Dieses Quiz wurde 886 mal gespielt
  • Das Durchschnittsergebnis liegt bei 7 aus 20
Antwortstatistiken
Interpret Jahr Songtitel % Korrekt
Roland Kaiser 1980 Santa {Maria}
87%
Josh. 2018 {Cordula} Grün
81%
Pur 1991 L{ena}
68%
Costa Cordalis 1976 A{nita}
54%
Fettes Brot 2005 E{manuela}
54%
Die Flippers 1969 Weine nicht kleine {Eva}
43%
AnnenMayKantereit 2016 P{ocahontas}
42%
Fettes Brot 2008 {Bettina} zieh dir bitte etwas an
39%
Bata Illic 1972 M{ichaela}
33%
Horst Schlämmer 2007 G{isela}
30%
Stephan Sulke 1982 U{schi}
26%
Die Ärzte 1984 {Claudia} hat nen Schäferhund
25%
Marianne Rosenberg 1976 M{arleen}
21%
Die Orsons feat. Cro 2012 Horst & {Monika}
19%
Hubert Kah 1982 R{osemarie}
19%
Wolfgang Lippert 1983 {Erna} kommt
18%
Trio 1981 S{abine} S{abine} S{abine}
16%
Peter Maffay 1975 J{osie}
14%
Wir sind Helden 2003 A{urélie}
9%
Heinz Rudolf Kunze 1987 Finden Sie {Mabel}
9%
Keine übereinstimmenden Quizze gefunden
Verteilung der Resultate
Anzahl Personen mit jedem Resultat
Perzentil nach korrekt beantworteten Fragen
Ihre Resultats-Entwicklung
Sie haben dieses Quiz noch nicht gespielt